Chabela Villaseñor (Record no. 9050)

MARC details
000 -CABECERA
campo de control de longitud fija 01015nam a2200253 a 4500
001 - NÚMERO DE CONTROL
campo de control BRL_237
005 - FECHA Y HORA DE LA ÚLTIMA TRANSACCIÓN
campo de control 20190320210640.0
008 - DATOS DE LONGITUD FIJA--INFORMACIÓN GENERAL
campo de control de longitud fija 280613s1999----mx-a######---#000-0#spa-#
041 ## - CÓDIGO DE LENGUA
Código de lengua del texto/banda sonora o título independiente spa
044 ## - CÓDIGO DEL PAÍS DE LA ENTIDAD EDITORA/PRODUCTORA
Código MARC del país mx
050 #4 - SIGNATURA TOPOGRÁFICA DE LA BIBLIOTECA DEL CONGRESO
Número de clasificación N6559.V5
Número de documento/Ítem .Ch33 1999
245 10 - MENCIÓN DE TÍTULO
Título Chabela Villaseñor
Resto del título perfil de una época
Mención de responsabilidad, etc. Javier Treviño ... [et al.].
260 ## - PUBLICACIÓN, DISTRIBUCIÓN, ETC.
Lugar de publicación, distribución, etc. México
Nombre del editor, distribuidor, etc. Secretaría de Hacienda y Crédito Público
Fecha de publicación, distribución, etc. 1999
300 ## - DESCRIPCIÓN FÍSICA
Extensión 1 v. (sin paginación)
Otras características físicas il., dibujos
Dimensiones 23 cm.
500 ## - NOTA GENERAL
Nota general Catálogo de la exposición realizada en el Museo de la Secretaría de Hacienda y Crédito Público, Antiguo Palacio del Arzobispado (Ciudad de México), 17 junio - 26 septiembre, 1999
500 ## - NOTA GENERAL
Nota general Estado físico: Hojas desprendidas
500 ## - NOTA GENERAL
Nota general Au306
504 ## - NOTA DE BIBLIOGRAFÍA, ETC.
Nota de bibliografía, etc. Incluye referencias bibliográficas
600 14 - PUNTO DE ACCESO ADICIONAL DE MATERIA--NOMBRE DE PERSONA
Nombre de persona Villaseñor, Isabel
Fechas asociadas al nombre 1909-1953
Subdivisión de forma Exposiciones
9 (RLIN) 23316
600 14 - PUNTO DE ACCESO ADICIONAL DE MATERIA--NOMBRE DE PERSONA
Nombre de persona Villaseñor, Isabel
Fechas asociadas al nombre 1909-1953
Subdivisión general Crítica e interpretación
9 (RLIN) 23317
700 1# - PUNTO DE ACCESO ADICIONAL--NOMBRE DE PERSONA
Nombre de persona Treviño, Javier
9 (RLIN) 23318
902 ## - CATALOGADOR
Iniciales GRL
942 ## - ELEMENTOS DE PUNTO DE ACCESO ADICIONAL (KOHA)
Fuente del sistema de clasificación o colocación Library of Congress Classification
Tipo de ítem Koha Libros
Holdings
Estado de retiro Estado de pérdida Estado dañado No para préstamo Localización permanente Ubicación/localización actual Fecha de adquisición Número de inventario Total de préstamos Signatura topográfica completa Código de barras Fecha visto por última vez Precio válido a partir de Tipo de ítem Koha
El ejemplar forma parte de la colección y puede ser consultado según las políticas vigentes.       Biblioteca Centro de Estudios Ruth D. Lechuga Biblioteca Centro de Estudios Ruth D. Lechuga 28/06/2013 Au306   N6559.V5 .Ch33 1999 (Au306) GRL00251 22/03/2019 22/03/2019 Libros